| 000 | 01122nam a2200301Ia 4500 | ||
|---|---|---|---|
| 001 | ebr10684506 | ||
| 003 | CaPaEBR | ||
| 006 | m u | ||
| 007 | cr cn||||||||| | ||
| 008 | 130418s2013 enka s 001 0 eng d | ||
| 020 | _z9781849518901 | ||
| 020 | _z9781849518918 (ebook) | ||
| 040 |
_aCaPaEBR _cCaPaEBR |
||
| 035 | _a(OCoLC)842892463 | ||
| 050 | 1 | 4 |
_aQA76.59 _b.C53 2013eb |
| 100 | 1 | _aClark, John Earl. | |
| 245 | 1 | 0 |
_aCreating mobile apps with Sencha Touch 2 _h[electronic resource] / _cJohn Earl Clark, Bryan P. Johnson. |
| 260 |
_aBirmingham, UK : _bPackt, _c2013. |
||
| 300 |
_a309 p. : _bill. |
||
| 500 | _aIncludes index. | ||
| 533 |
_aElectronic reproduction. _bPalo Alto, Calif. : _cebrary, _d2013. _nAvailable via World Wide Web. _nAccess may be limited to ebrary affiliated libraries. |
||
| 650 | 0 | _aMobile computing. | |
| 650 | 0 | _aApplication software. | |
| 655 | 7 |
_aElectronic books. _2local |
|
| 700 | 1 | _aJohnson, Bryan P. | |
| 710 | 2 | _aebrary, Inc. | |
| 856 | 4 | 0 |
_uhttp://site.ebrary.com/lib/rucke/Doc?id=10684506 _zAn electronic book accessible through the World Wide Web; click to view |
| 999 |
_c12840 _d12840 |
||